000 00345nam a22001457a 4500
008 230921b ||||| |||| 00| 0 eng d
020 _a2800838577013
041 _aeng
080 _2FOURTH EDITION
_a616.8
082 _a616.8KAN
100 _a11
101 _aNEURO
245 _aPRINCIPLES OF NEURAL SCIENCE
_cKANDEL .R .E
942 _2udc
_cBK
999 _c60388
_d60388